| 000 | 00622nam a22002057a 4500 | ||
|---|---|---|---|
| 999 |
_c20910 _d20910 |
||
| 003 | AR-CdUCM | ||
| 008 | 190607b ||||| |||| 00| 0 spa d | ||
| 040 |
_aMUNICIPALIDAD PROVINCIAL DEL CUSCO _cBIBLIOTECA MUNICIPAL DEL CUSCO |
||
| 082 |
_a372.64 / _bB57 |
||
| 245 | _aBlanca nieves y los 7 enanos / | ||
| 260 |
_aEspaña: _bFHER, _c1963. |
||
| 300 |
_bIlustraciones, _c24 cm. |
||
| 440 |
_aSueños de fantasia -- _n3 _943636 |
||
| 505 | _aContenido: Cuento Infantil | ||
| 650 |
_aCuento _94671 |
||
| 650 |
_aInfantil _96210 |
||
| 700 |
_aAlcázar (Ilustraciones) _943637 |
||
| 942 |
_2ddc _cLIBROS |
||
| 945 | _aJavier | ||